Computer-assisted language learning: context and conceptualization
محفوظ في:
| المؤلف الرئيسي: | |
|---|---|
| التنسيق: | كتاب |
| اللغة: | الإنجليزية |
| منشور في: |
Nueva York
Oxford University
1997
|
| الموضوعات: | |
| الوسوم: |
إضافة وسم
لا توجد وسوم, كن أول من يضع وسما على هذه التسجيلة!
|
MARC
| LEADER | 00000nam a2200000 a 4500 | ||
|---|---|---|---|
| 001 | UCL8040 | ||
| 003 | CL-VaPUC | ||
| 008 | 040611e19970000US |||||||||||||||||eng|d | ||
| 020 | |a 019823631X | ||
| 082 | 0 | 4 | |a 418.00285 |b LEV |2 21 |
| 100 | 0 | |a Levy, Michael |e author |9 485972 | |
| 245 | 1 | 0 | |a Computer-assisted language learning: context and conceptualization |
| 300 | |a 298 p | ||
| 942 | |c BK | ||
| 945 | |d 20040611 00:00:00 |a cmena | ||
| 260 | |a Nueva York |b Oxford University |c 1997 | ||
| 650 | 0 | |a Programación de computadores |9 259531 | |
| 650 | 0 | |a Educación lingüística |9 306506 | |
| 650 | 0 | |a Métodos de enseñanza |9 270413 | |
| 650 | 0 | |a Adquisición del lenguaje |9 309032 | |
| 583 | |a last modification |c 20040611 00:00:00 |k Rodrigo Vera | ||
| 999 | |c 309526 |d 309524 | ||